| 000 | 01293nam a22002417a 4500 | ||
|---|---|---|---|
| 001 | 5745 | ||
| 003 | FISKH | ||
| 005 | 20250117104343.0 | ||
| 008 | 250117b cb ||||| |||| 00| 0 eng d | ||
| 020 | _a9781107613331 | ||
| 040 |
_aFISKH _beng _cFISKH _dFISKH |
||
| 050 | _aQ181.J685 | ||
| 082 | _a500 | ||
| 100 | _aJones, Mary | ||
| 245 |
_aCambridge checkpoint science course book 7 / _cby Mary Jones, Diana Fellowes-Freeman and David Sang |
||
| 250 | _aFirst published 2012 | ||
| 260 |
_aCambridge : _bCambridge University Press ; _c2012. |
||
| 300 |
_a191 pages : _bcolor illustrations ; _c28 cm . |
||
| 520 | _aWritten by well-respected authors, the Cambridge Checkpoint Science suite provides a comprehensive, structured resource which covers the full Cambridge Secondary 1 framework and seamlessly progresses into the next stage. This engaging course supports teaching of the Science framework both theoretically and practically, with full coverage of the Scientific Enquiry framework integrated throughout the series. This Coursebook for Stage 7 gives a thorough introduction to the concepts, and offers a wealth of ideas for hands-on activities to make the subject matter come to life | ||
| 700 |
_aFellowes-Freeman, Diane _eillustrator |
||
| 942 |
_2ddc _cBK _n0 |
||
| 999 |
_c5745 _d5745 |
||